Contrato social

Uloženo v:
Podrobná bibliografie
Hlavní autor: Rousseau, Jean Jacques (autor)
Médium: Kniha
Jazyk:španělština
Vydáno: Madrid Biblioteca Nueva 2003
Vydání:1a. ed
Edice:Clásicos del Pensamiento, 19
Témata:
Tagy: Přidat tag
Žádné tagy, Buďte první, kdo vytvoří štítek k tomuto záznamu!

MARC

LEADER 00000cam a2200000 a 4500
001 UCD4698
003 CL-VaPUC
008 160717e20030000sp |||||||||||||||||spa|d
020 |a 8470309854 
082 0 4 |a 320.11  |b ROU  |2 21 
100 |a Rousseau, Jean Jacques  |e autor  |9 255697 
245 1 0 |a Contrato social 
250 |a 1a. ed 
300 |a 189 p 
942 |c BK 
945 |d 20160717 19:54:00  |a dcastane 
260 |a Madrid  |b Biblioteca Nueva  |c 2003 
650 0 |a Contrato social  |9 308917 
650 7 |a FILOSOFIA POLITICA  |2 CL-VaPUC  |9 588417 
650 7 |a SISTEMAS POLITICOS  |2 CL-VaPUC  |9 588418 
650 0 |a Ciencias Políticas  |9 255201 
650 0 |a Poder político  |9 255509 
583 |a last modification  |c 20160717 19:54:00  |k Rodrigo Vera 
490 0 |a Clásicos del Pensamiento, 19 
999 |c 365551  |d 365549 
952 |0 0  |1 0  |3 erb  |4 0  |6 320_110000000000000_ROU_2003  |7 0  |8 A  |9 479434  |a FDOHBE  |b FDOHBE  |e Huesbe Llanos, Marco Antonio, 1934-  |i 5307716  |o 320.11 ROU 2003  |p 5307716  |r 2024-01-30  |w 2019-11-24  |y BK  |z Catalogado en:20160717  |k HBE